[Event "CZE-chT U18 Extraliga final-A 1617"]
[White "Vilimova, Julie"]
[Black "Kubosova, Jana"]
[Site "Czech Republic"]
[Round "10.5"]
[Result "0-1"]
[Date "2017.04.22"]
[WhiteElo "1861"]
[BlackElo "1770"]
[PlyCount "70"]
[EventDate "2016.10.01"]
[EventType "team-tourn"]
[EventRounds "11"]
[EventCountry "CZE"]
[SourceTitle "EXT 2022"]
[Source "ChessBase"]
[SourceDate "2021.10.06"]
[SourceVersion "1"]
[SourceVersionDate "2021.10.06"]
[SourceQuality "1"]
[WhiteTeam "Ricany U18"]
[BlackTeam "Orlova Slavia U18"]
[WhiteTeamCountry "CZE"]
[BlackTeamCountry "CZE"]

1. d4 Nf6 2. c4 g6 3. Nc3 Bg7 4. e4 d6 5. f3 0-0 6. Be3 Nbd7 7. Qd2 c5 8. d5 a6 9. Be2 Ne5 10. g4 h5 11. h3 b5 12. cxb5 axb5 13. Nxb5 Ba6 14. Nc3 Bxe2 15. Qxe2 c4 16. Kf2 Nd3+ 17. Kg3 Qa5 18. Qd2 Nxb2 19. Nge2 Rfb8 20. Nd4 Nd7 21. Rac1 Ne5 22. Rc2 Na4 23. Nxa4 Qxd2 24. Bxd2 Rxa4 25. f4 Rba8 26. Kg2 Nd3 27. Be3 Rxa2 28. Kf3 Rxc2 29. Nxc2 Ra2 30. Nd4 c3 31. gxh5 c2 32. Nb3 Ra3 33. Nc1 Nxc1 34. Rxc1 Bd4 35. Rxc2 Rxe3+ 0-1

[Event "CZE-chT U18 Extraliga Ost 1617"]
[White "Kubosova, Jana"]
[Black "Horak, Jan"]
[Site "Czech Republic"]
[Round "4.5"]
[Result "1-0"]
[Date "2016.10.02"]
[WhiteElo "1770"]
[BlackElo "1660"]
[PlyCount "67"]
[EventDate "2016.10.01"]
[EventType "team-tourn"]
[EventRounds "11"]
[EventCountry "CZE"]
[SourceTitle "EXT 2022"]
[Source "ChessBase"]
[SourceDate "2021.10.06"]
[SourceVersion "1"]
[SourceVersionDate "2021.10.06"]
[SourceQuality "1"]
[WhiteTeam "Orlova Slavia U18"]
[BlackTeam "Policka Stefanydes U18"]
[WhiteTeamCountry "CZE"]
[BlackTeamCountry "CZE"]

1. c4 e6 2. d4 Nf6 3. Bg5 Be7 4. Nf3 d5 5. e3 Nc6 6. Nc3 0-0 7. Rc1 Ne8 8. h4 dxc4 9. Bxc4 Nd6 10. Bd3 Nb4 11. Bxh7+ Kxh7 12. Bxe7 Qxe7 13. Ng5+ Kh6 14. e4 f5 15. e5 Nc4 16. Na4 Na5 17. Qd2 f4 18. Nc5 Nac6 19. a3 Nd5 20. Qd3 Rf5 21. b4 a6 22. Nce4 Bd7 23. g4 fxg3 24. fxg3 Raf8 25. g4 Ncxb4 26. axb4 Bb5 27. Rc4 Bxc4 28. Qxc4 Rf4 29. Nc5 Rxg4 30. Qd3 Rf5 31. Ngxe6 Qf7 32. Qd2+ Kh5 33. Ng5 Nf4 34. Nxf7 1-0

[Event "CZE-chT U18 Extraliga Ost 1617"]
[White "Kubosova, Jana"]
[Black "Koci, Tereza"]
[Site "Czech Republic"]
[Round "2.5"]
[Result "1-0"]
[Date "2016.10.01"]
[WhiteElo "1770"]
[BlackElo "1745"]
[PlyCount "53"]
[EventDate "2016.10.01"]
[EventType "team-tourn"]
[EventRounds "11"]
[EventCountry "CZE"]
[SourceTitle "EXT 2022"]
[Source "ChessBase"]
[SourceDate "2021.10.06"]
[SourceVersion "1"]
[SourceVersionDate "2021.10.06"]
[SourceQuality "1"]
[WhiteTeam "Orlova Slavia U18"]
[BlackTeam "Jicin U18"]
[WhiteTeamCountry "CZE"]
[BlackTeamCountry "CZE"]

1. d4 d5 2. Bf4 Nf6 3. e3 e6 4. c4 c5 5. Nf3 Nc6 6. Nc3 Be7 7. Be2 0-0 8. h3 h6 9. 0-0 cxd4 10. exd4 b6 11. Ne5 Bb7 12. cxd5 Nxd5 13. Nxd5 exd5 14. Qa4 Nxe5 15. Bxe5 Bd6 16. Rfe1 a6 17. Bg4 b5 18. Qb3 Re8 19. Qg3 Bxe5 20. dxe5 Qb6 21. Rac1 Rad8 22. e6 Rd6 23. exf7+ Kxf7 24. Bh5+ g6 25. Qf4+ Rf6 26. Rc7+ Kf8 27. Qxh6+ 1-0

[Event "Stare Mesto op"]
[White "Mrkus, Frantisek"]
[Black "Kubosova, Jana"]
[Site "Stare Mesto"]
[Round "10"]
[Result "1/2-1/2"]
[Date "2016.08.13"]
[WhiteElo "2007"]
[BlackElo "1800"]
[PlyCount "57"]
[EventDate "2016.08.05"]
[EventType "swiss"]
[EventRounds "10"]
[EventCountry "CZE"]
[SourceTitle "CBM 173 Extra"]
[Source "ChessBase"]
[SourceDate "2016.08.29"]
[SourceVersion "1"]
[SourceVersionDate "2016.08.29"]
[SourceQuality "1"]

1. e4 c5 2. Nf3 e6 3. d4 cxd4 4. Nxd4 Nf6 5. Nc3 Nc6 6. Ndb5 Bb4 7. a3 Bxc3+ 8. Nxc3 d5 9. exd5 exd5 10. Bd3 d4 11. Ne2 0-0 12. 0-0 Qb6 13. b3 Bg4 14. f3 Bh5 15. Nf4 Bg6 16. Nxg6 hxg6 17. Bg5 Nd5 18. Re1 Rfe8 19. Qd2 Ne5 20. Kh1 Rac8 21. Re4 f6 22. Bf4 Nxd3 23. Qxd3 Rxe4 24. Qxe4 Nxf4 25. Qxf4 Rxc2 26. Qe4 Qc5 27. Re1 Rc1 28. Qe6+ Kh7 29. Qh3+ 1/2-1/2

[Event "CZE-ch U16 Girls"]
[White "Bierska, Adela"]
[Black "Kubosova, Jana"]
[Site "Kouty nad Desnou"]
[Round "7"]
[Result "1-0"]
[Date "2015.03.12"]
[WhiteElo "1641"]
[BlackElo "1710"]
[PlyCount "95"]
[EventDate "2015.03.07"]
[EventType "swiss"]
[EventRounds "9"]
[EventCountry "CZE"]
[SourceTitle "EXT 2017"]
[Source "ChessBase"]
[SourceDate "2016.10.25"]
[SourceVersion "1"]
[SourceVersionDate "2016.10.25"]
[SourceQuality "1"]

1. e4 c5 2. Nf3 e6 3. d4 cxd4 4. Nxd4 Nf6 5. Bd3 Nc6 6. Nxc6 bxc6 7. c4 d5 8. cxd5 cxd5 9. exd5 Qa5+ 10. Nc3 Nxd5 11. Bd2 Nxc3 12. Bxc3 Bb4 13. Rc1 Ba6 14. Bxa6 Bxc3+ 15. Rxc3 Qxa6 16. Ra3 Qc4 17. Qa4+ Qxa4 18. Rxa4 Ke7 19. Ke2 Rhd8 20. Rc1 Rd7 21. Rac4 Rad8 22. Rc7 Kd6 23. Rxd7+ Rxd7 24. Rd1+ Kc6 25. Rxd7 Kxd7 26. Kd3 Kc6 27. Kc4 g5 28. b4 h5 29. b5+ Kb6 30. Kb4 f5 31. a4 f4 32. a5+ Kc7 33. Kc5 h4 34. g3 hxg3 35. hxg3 f3 36. b6+ axb6+ 37. axb6+ Kb7 38. Kd6 Kxb6 39. Kxe6 Kc5 40. Ke5 g4 41. Kf4 Kd4 42. Kxg4 Ke4 43. Kh4 Kf5 44. g4+ Kf4 45. g5 Kf5 46. Kh5 Ke4 47. g6 Kd3 48. Kg4 1-0

[Event "CZE-ch U16 Girls"]
[White "Kalinova, Eliska"]
[Black "Kubosova, Jana"]
[Site "Kouty nad Desnou"]
[Round "5"]
[Result "0-1"]
[Date "2015.03.10"]
[WhiteElo "1439"]
[BlackElo "1710"]
[PlyCount "76"]
[EventDate "2015.03.07"]
[EventType "swiss"]
[EventRounds "9"]
[EventCountry "CZE"]
[SourceTitle "EXT 2017"]
[Source "ChessBase"]
[SourceDate "2016.10.25"]
[SourceVersion "1"]
[SourceVersionDate "2016.10.25"]
[SourceQuality "1"]

1. d4 d5 2. Nc3 Nf6 3. Bg5 Nbd7 4. Nf3 c6 5. e3 Qb6 6. a3 e6 7. Bd3 Be7 8. 0-0 0-0 9. Re1 c5 10. Rb1 h6 11. Bh4 a6 12. e4 cxd4 13. Bxf6 Nxf6 14. e5 dxc3 15. exf6 Bxf6 16. bxc3 Qc7 17. Re3 Bxc3 18. Qe2 b5 19. Rb3 Bf6 20. Ne5 d4 21. Rg3 Bxe5 22. Rh3 Bb7 23. Qg4 f5 24. Qe2 Rf6 25. Rb1 Rg6 26. f3 Bf4 27. Rd1 Be3+ 28. Kf1 Qf4 29. Ke1 e5 30. c4 e4 31. fxe4 fxe4 32. Bb1 Rf8 33. cxb5 Kh8 34. g3 Bf2+ 35. Kf1 Bxg3+ 36. Kg2 Bxh2+ 37. Kh1 e3+ 38. Qf3 Bxf3+ 0-1

[Event "CZE-ch U16 Girls"]
[White "Volaninova, Sarka"]
[Black "Kubosova, Jana"]
[Site "Kouty nad Desnou"]
[Round "2"]
[Result "0-1"]
[Date "2015.03.08"]
[WhiteElo "1568"]
[BlackElo "1710"]
[PlyCount "58"]
[EventDate "2015.03.07"]
[EventType "swiss"]
[EventRounds "9"]
[EventCountry "CZE"]
[SourceTitle "EXT 2017"]
[Source "ChessBase"]
[SourceDate "2016.10.25"]
[SourceVersion "1"]
[SourceVersionDate "2016.10.25"]
[SourceQuality "1"]

1. e4 c5 2. Nf3 Nc6 3. d4 cxd4 4. Nxd4 g6 5. Nc3 Bg7 6. Be3 Nf6 7. Bc4 0-0 8. Bb3 d6 9. f3 Bd7 10. Qd2 Rc8 11. 0-0-0 Ne5 12. Kb1 a6 13. h4 b5 14. g4 b4 15. Nce2 a5 16. g5 Nh5 17. f4 a4 18. Bd5 Nc6 19. Nxc6 Bxc6 20. Bxc6 Rxc6 21. Qxb4 Qc7 22. Qd2 a3 23. b3 Rc8 24. c4 Rxc4 25. bxc4 Rb8+ 26. Kc1 Bb2+ 27. Kc2 Qxc4+ 28. Nc3 Bxc3 29. Qxc3 Rb2+ 0-1

[Event "CZE-ch U16 Girls"]
[White "Kubosova, Jana"]
[Black "Beluska, Tereza"]
[Site "Kouty nad Desnou"]
[Round "8"]
[Result "1/2-1/2"]
[Date "2014.03.14"]
[WhiteElo "1653"]
[BlackElo "1660"]
[PlyCount "49"]
[EventDate "2014.03.08"]
[EventType "swiss"]
[EventRounds "9"]
[EventCountry "CZE"]
[SourceTitle "EXT 2015"]
[Source "ChessBase"]
[SourceDate "2014.11.20"]
[SourceVersion "1"]
[SourceVersionDate "2014.11.20"]
[SourceQuality "1"]

1. c4 Nf6 2. Nc3 e6 3. d4 d5 4. cxd5 exd5 5. Bg5 Be7 6. Nf3 c6 7. e3 Qb6 8. Qc1 Bf5 9. Be2 Nbd7 10. 0-0 h6 11. Bh4 0-0 12. a3 Rfe8 13. b4 Rac8 14. Na4 Qd8 15. h3 b5 16. Nc5 Nxc5 17. bxc5 Ne4 18. Bxe7 Qxe7 19. Nd2 a5 20. Nxe4 Bxe4 21. Qd2 Qg5 22. g3 a4 23. Bd3 Bf3 24. Be2 Be4 25. Bd3 1/2-1/2

[Event "CZE-ch U16 Girls"]
[White "Bohanesova, Vendula"]
[Black "Kubosova, Jana"]
[Site "Kouty nad Desnou"]
[Round "5"]
[Result "1/2-1/2"]
[Date "2014.03.11"]
[WhiteElo "1651"]
[BlackElo "1653"]
[PlyCount "75"]
[EventDate "2014.03.08"]
[EventType "swiss"]
[EventRounds "9"]
[EventCountry "CZE"]
[SourceTitle "EXT 2015"]
[Source "ChessBase"]
[SourceDate "2014.11.20"]
[SourceVersion "1"]
[SourceVersionDate "2014.11.20"]
[SourceQuality "1"]

1. d4 d5 2. Nc3 e6 3. Nf3 c5 4. e3 Nc6 5. Be2 Nf6 6. 0-0 Be7 7. Ne5 0-0 8. f4 Ne4 9. Nxe4 dxe4 10. Nxc6 bxc6 11. b3 Bf6 12. Bb2 Qb6 13. c3 Rd8 14. Qc2 Bb7 15. Rac1 cxd4 16. cxd4 Qa5 17. Bg4 Ba6 18. Rf2 Bd3 19. Qc3 Qa6 20. f5 c5 21. fxe6 cxd4 22. exf7+ Kxf7 23. exd4 Kg8 24. Qc6 Qxc6 25. Rxc6 e3 26. Rf3 Be4 27. Rfxf6 gxf6 28. Rxf6 Bd3 29. d5 Rf8 30. Be6+ Kg7 31. Rf3+ Kg6 32. Rg3+ Kh5 33. Rh3+ Kg5 34. Rg3+ Kh5 35. Rh3+ Kg5 36. Rg3+ Kh5 37. Rf3 Kg5 38. Bc1 1/2-1/2

[Event "CZE-chTE U20 1314"]
[White "Kubosova, Jana"]
[Black "Nosek, Jan"]
[Site "Czech Republic"]
[Round "1.6"]
[Result "1/2-1/2"]
[Date "2013.10.12"]
[WhiteElo "1653"]
[BlackElo "1727"]
[PlyCount "32"]
[EventDate "2013.10.12"]
[EventType "team-tourn"]
[EventRounds "11"]
[EventCountry "CZE"]
[SourceTitle "EXT 2015"]
[Source "ChessBase"]
[SourceDate "2014.11.20"]
[SourceVersion "1"]
[SourceVersionDate "2014.11.20"]
[SourceQuality "1"]
[WhiteTeam "Orlova Slavia (U20)"]
[BlackTeam "Hradec Kralove (U20)"]
[WhiteTeamCountry "CZE"]
[BlackTeamCountry "CZE"]

1. d4 Nf6 2. Nf3 g6 3. Bf4 Bg7 4. e3 d6 5. c3 Nbd7 6. Be2 0-0 7. h3 c5 8. 0-0 b6 9. Qb3 Bb7 10. Rd1 Rc8 11. Nbd2 Qc7 12. Rac1 e5 13. dxe5 dxe5 14. Bh2 Ne4 15. Nxe4 Bxe4 16. Ng5 Nf6 1/2-1/2

[Event "EU Union-ch U14"]
[White "Havelka, Ondrej"]
[Black "Kubosova, Jana"]
[Site "Malenovice"]
[Round "6"]
[Result "1/2-1/2"]
[Date "2013.09.02"]
[WhiteElo "1648"]
[BlackElo "1644"]
[PlyCount "70"]
[EventDate "2013.08.28"]
[EventType "swiss"]
[EventRounds "9"]
[EventCountry "CZE"]
[SourceTitle "CBM 156 Extra"]
[Source "ChessBase"]
[SourceDate "2013.10.22"]
[SourceVersion "1"]
[SourceVersionDate "2013.10.22"]
[SourceQuality "1"]

1. e4 c5 2. Nf3 e6 3. d4 cxd4 4. Nxd4 Nf6 5. Bd3 Nc6 6. Nb3 d5 7. exd5 Nxd5 8. 0-0 Bd6 9. N1d2 0-0 10. Nc4 Bc7 11. Qh5 Nf6 12. Qh4 b5 13. Bg5 h6 14. Bxf6 Qxf6 15. Qe4 g6 16. Qxc6 bxc4 17. Qxa8 cxd3 18. cxd3 Qe5 19. g3 Bb6 20. Qe4 Qxb2 21. d4 Rd8 22. Rfd1 Rd7 23. Rd2 Qa3 24. Rc1 Bb7 25. Qe5 a5 26. Rdc2 Qe7 27. Nc5 Bxc5 28. Rxc5 Qd8 29. Rb5 Qe8 30. Rcb1 Qc8 31. Qc5 Rc7 32. Qa3 Rc3 33. R5b3 Qc6 34. Kf1 Ba6+ 35. Kg1 Bb7 1/2-1/2

[Event "EU Union-ch U14"]
[White "Kubosova, Jana"]
[Black "Cimpean, Andra"]
[Site "Malenovice"]
[Round "5"]
[Result "0-1"]
[Date "2013.09.01"]
[WhiteElo "1644"]
[BlackElo "1655"]
[PlyCount "58"]
[EventDate "2013.08.28"]
[EventType "swiss"]
[EventRounds "9"]
[EventCountry "CZE"]
[SourceTitle "CBM 156 Extra"]
[Source "ChessBase"]
[SourceDate "2013.10.22"]
[SourceVersion "1"]
[SourceVersionDate "2013.10.22"]
[SourceQuality "1"]

1. d4 Nf6 2. Nf3 e6 3. Bf4 d5 4. e3 c5 5. c3 Qb6 6. Qb3 c4 7. Qxb6 axb6 8. Nbd2 Bd7 9. Be2 Nc6 10. 0-0 Be7 11. Rfb1 Ra7 12. Ne5 Nxe5 13. Bxe5 0-0 14. Bc7 b5 15. a3 Rfa8 16. Be5 b4 17. Bxf6 gxf6 18. e4 bxa3 19. bxa3 Bc6 20. Re1 Bxa3 21. exd5 exd5 22. Nb1 Bb2 23. Rxa7 Rxa7 24. Bd1 Ra1 25. Bc2 Bxc3 26. Rd1 Bb4 27. g3 Ra2 28. Bf5 Ba4 29. Rf1 c3 0-1

[Event "EU Union-ch U14"]
[White "Adamczyk, Pawel"]
[Black "Kubosova, Jana"]
[Site "Malenovice"]
[Round "4"]
[Result "1-0"]
[Date "2013.08.31"]
[WhiteElo "1655"]
[BlackElo "1644"]
[PlyCount "67"]
[EventDate "2013.08.28"]
[EventType "swiss"]
[EventRounds "9"]
[EventCountry "CZE"]
[SourceTitle "CBM 156 Extra"]
[Source "ChessBase"]
[SourceDate "2013.10.22"]
[SourceVersion "1"]
[SourceVersionDate "2013.10.22"]
[SourceQuality "1"]

1. e4 c5 2. Nf3 e6 3. d4 cxd4 4. Nxd4 Nc6 5. Nb5 d6 6. c4 a6 7. N5c3 Nf6 8. Be2 Qc7 9. Na3 Be7 10. 0-0 0-0 11. Be3 Rb8 12. Rc1 b6 13. f3 Nd7 14. Qd2 Rd8 15. Rfd1 Nc5 16. Nc2 Bf6 17. Kh1 Bxc3 18. Qxc3 e5 19. Bf2 Ne6 20. Bf1 Qe7 21. b3 Nf8 22. Ne3 Ne6 23. Nf5 Qf8 24. Qd2 Nf4 25. Ne3 Ne6 26. Nc2 f5 27. Bh4 Rd7 28. Qd5 Ncd8 29. Bxd8 Rxd8 30. Nb4 Qf6 31. exf5 Qxf5 32. Nc6 Bb7 33. Ne7+ Kf7 34. Nxf5 1-0

[Event "EU Union-ch U14"]
[White "Kubosova, Jana"]
[Black "Zlamana, Anna"]
[Site "Malenovice"]
[Round "2"]
[Result "1-0"]
[Date "2013.08.29"]
[WhiteElo "1644"]
[BlackElo "1535"]
[PlyCount "85"]
[EventDate "2013.08.28"]
[EventType "swiss"]
[EventRounds "9"]
[EventCountry "CZE"]
[SourceTitle "CBM 156 Extra"]
[Source "ChessBase"]
[SourceDate "2013.10.22"]
[SourceVersion "1"]
[SourceVersionDate "2013.10.22"]
[SourceQuality "1"]

1. d4 d5 2. Bg5 h6 3. Bh4 Nf6 4. Bxf6 exf6 5. e3 Bf5 6. Nf3 Bd6 7. c4 dxc4 8. Bxc4 0-0 9. 0-0 Nd7 10. Nc3 Nb6 11. Bd3 Bxd3 12. Qxd3 c6 13. Rac1 Rc8 14. Nd2 Qc7 15. h3 Rfd8 16. Nb3 a6 17. Ne4 Qe7 18. Nbc5 Bxc5 19. Nxc5 Nd5 20. Qb3 Rc7 21. Rc4 Ra8 22. Rfc1 f5 23. Na4 Nf6 24. Nb6 Rd8 25. Qc2 Ne4 26. f3 Nd6 27. Nd5 Qd7 28. Rc5 Rcc8 29. Nb6 Qe7 30. Re5 Qf6 31. Nxc8 Rxc8 32. Qb3 f4 33. e4 Qd8 34. d5 cxd5 35. Rxc8 Qxc8 36. Rxd5 Qc7 37. Qd3 Nc4 38. Rd8+ Kh7 39. e5+ g6 40. e6 Qb6+ 41. Kh2 Qxe6 42. Qc3 Ne3 43. Qh8# 1-0

[Event "CZE-chTB U20 1213"]
[White "Novak, Jan1"]
[Black "Kubosova, Jana"]
[Site "Czech Republic"]
[Round "10.5"]
[Result "1/2-1/2"]
[Date "2013.04.13"]
[WhiteElo "1663"]
[BlackElo "1614"]
[PlyCount "89"]
[EventDate "2012.10.06"]
[EventType "team-tourn"]
[EventRounds "11"]
[EventCountry "CZE"]
[SourceTitle "EXT 2015"]
[Source "ChessBase"]
[SourceDate "2014.11.20"]
[SourceVersion "1"]
[SourceVersionDate "2014.11.20"]
[SourceQuality "1"]
[WhiteTeam "Liberec Desko (U20)"]
[BlackTeam "Orlova Slavia (U20)"]
[WhiteTeamCountry "CZE"]
[BlackTeamCountry "CZE"]

1. e4 c5 2. Nc3 Nc6 3. f4 g6 4. Nf3 Bg7 5. Bc4 e6 6. 0-0 Nge7 7. d3 0-0 8. Kh1 d5 9. exd5 exd5 10. Bb3 Na5 11. Ne2 b5 12. c3 c4 13. Bc2 Nec6 14. Bd2 f5 15. d4 Nb7 16. Qe1 Re8 17. Qf2 Nd6 18. Ng3 Qb6 19. a3 a5 20. Rfe1 Bb7 21. Rxe8+ Rxe8 22. Ne5 Nxe5 23. fxe5 Bxe5 24. Re1 Bg7 25. Rxe8+ Nxe8 26. Qe1 Kf7 27. Bf4 Qe6 28. Qxe6+ Kxe6 29. Kg1 a4 30. Bd1 Nd6 31. Kf2 h5 32. Kf3 Ne4 33. Bc1 Bc6 34. Be2 Kf6 35. Bd1 Be8 36. h3 g5 37. Nxe4+ fxe4+ 38. Kf2 Kg6 39. g4 Kh6 40. Be3 Bf8 41. Be2 Bd6 42. Bd1 Bf4 43. Be2 Bd7 44. Bd1 hxg4 45. hxg4 1/2-1/2

[Event "CZE-ch U14 Girls"]
[White "Kubosova, Jana"]
[Black "Zlamana, Anna"]
[Site "Kouty nad Desnou"]
[Round "2"]
[Result "1-0"]
[Date "2013.03.10"]
[WhiteElo "1614"]
[BlackElo "1535"]
[PlyCount "109"]
[EventDate "2013.03.09"]
[EventType "swiss"]
[EventRounds "9"]
[EventCountry "CZE"]
[SourceTitle "EXT 2015"]
[Source "ChessBase"]
[SourceDate "2014.11.20"]
[SourceVersion "1"]
[SourceVersionDate "2014.11.20"]
[SourceQuality "1"]

1. d4 e6 2. Bf4 c5 3. c3 Nc6 4. Nf3 d5 5. e3 Bd7 6. Be2 Nf6 7. Nbd2 Be7 8. h3 a6 9. Ne5 h6 10. h4 Nxe5 11. Bxe5 c4 12. Qc2 b5 13. g4 Bc6 14. Rg1 Rg8 15. g5 hxg5 16. hxg5 Ne4 17. Nxe4 dxe4 18. Bf4 Bd6 19. Bxd6 Qxd6 20. Kd2 e5 21. Raf1 exd4 22. cxd4 Qb4+ 23. Qc3 Qxc3+ 24. bxc3 Ke7 25. f4 Kd6 26. f5 Bd5 27. Rb1 Kc6 28. Rh1 Rh8 29. Rh5 Rxh5 30. Bxh5 Rh8 31. Rh1 g6 32. fxg6 fxg6 33. Bf3 Rxh1 34. Bxh1 a5 35. a3 Kd6 36. Bg2 Bc6 37. Bf1 Bd7 38. a4 Kc6 39. axb5+ Kxb5 40. Kc2 Be6 41. Kb2 Bg4 42. Bg2 Bf3 43. Bh3 Kb6 44. Be6 Kb5 45. Ka3 Bh5 46. Bf7 a4 47. Be8+ Kb6 48. Kxa4 Kc7 49. Kb5 Be2 50. Bxg6 Bd3 51. Bf7 Kd7 52. Bxc4 Bxc4+ 53. Kxc4 Ke6 54. d5+ Kd6 55. Kd4 1-0

[Event "Morava-ch U14"]
[White "Kubosova, Jana"]
[Black "Nekarda, Jan"]
[Site "Kouty nad Desnou"]
[Round "7"]
[Result "1/2-1/2"]
[Date "2012.10.27"]
[WhiteElo "1614"]
[BlackElo "1448"]
[PlyCount "61"]
[EventDate "2012.10.24"]
[EventType "swiss"]
[EventRounds "9"]
[EventCountry "CZE"]
[SourceTitle "EXT 2015"]
[Source "ChessBase"]
[SourceDate "2014.11.20"]
[SourceVersion "1"]
[SourceVersionDate "2014.11.20"]
[SourceQuality "1"]

1. d4 d5 2. Nf3 Nf6 3. Bf4 e6 4. e3 c6 5. c3 Be7 6. Bd3 Nbd7 7. Nbd2 0-0 8. 0-0 b6 9. Re1 Bb7 10. e4 dxe4 11. Nxe4 Nxe4 12. Bxe4 Nf6 13. Bc2 Rc8 14. Bg5 c5 15. dxc5 Rxc5 16. Be3 Rd5 17. Qe2 Qc8 18. Rad1 Rfd8 19. Bb3 Rxd1 20. Rxd1 Rxd1+ 21. Qxd1 Qc7 22. Nd4 Bd6 23. h3 Bc5 24. Qd3 h6 25. Bc2 Be4 26. Qe2 Bxc2 27. Nxc2 Bxe3 28. Qxe3 Nd5 29. Qe4 Qf4 30. Qxf4 Nxf4 31. Nb4 1/2-1/2

[Event "Morava-ch U14"]
[White "Kubosova, Jana"]
[Black "Rakusan, Miroslav"]
[Site "Kouty nad Desnou"]
[Round "5"]
[Result "0-1"]
[Date "2012.10.26"]
[WhiteElo "1614"]
[BlackElo "1802"]
[PlyCount "106"]
[EventDate "2012.10.24"]
[EventType "swiss"]
[EventRounds "9"]
[EventCountry "CZE"]
[SourceTitle "EXT 2015"]
[Source "ChessBase"]
[SourceDate "2014.11.20"]
[SourceVersion "1"]
[SourceVersionDate "2014.11.20"]
[SourceQuality "1"]

1. d4 d5 2. Nf3 Nf6 3. Bf4 c6 4. c3 e6 5. e3 Be7 6. Nbd2 0-0 7. Bd3 Nbd7 8. 0-0 c5 9. Rc1 c4 10. Bb1 Nb6 11. Re1 Bd7 12. e4 Rc8 13. e5 Ne8 14. Qc2 g6 15. Bh6 Ng7 16. Nf1 Na4 17. Qd2 b5 18. Ne3 Rb8 19. Ng4 b4 20. Bxg7 Kxg7 21. h4 bxc3 22. bxc3 Rh8 23. Qh6+ Kg8 24. Qf4 Kg7 25. Qh6+ Kg8 26. Qf4 Be8 27. Ng5 Kg7 28. Qd2 h6 29. Nf3 h5 30. Ngh2 Bxh4 31. Nxh4 Qxh4 32. Nf3 Qg4 33. Qe3 Bc6 34. Ng5 Rb2 35. g3 h4 36. Qf4 Qxf4 37. gxf4 h3 38. Rf1 Rh4 39. Kh2 Rxf4 40. Nxh3 Rf3 41. Kg2 Rxc3 42. Ng1 Rxc1 43. Rxc1 Rd2 44. Nf3 Rb2 45. Ne1 Nc3 46. Rxc3 Rxb1 47. Nf3 Rd1 48. a3 Rb1 49. Nd2 Rb2 50. Nf3 Rb3 51. Rxb3 cxb3 52. Nd2 b2 53. Nb1 Ba4 0-1